000 00334nam a22001337a 4500
999 _c55026
_d55026
008 200205b ||||| |||| 00| 0 eng d
041 _aeng
080 _2043.3
_a043.3
082 _a043.3
100 _a0
101 _aBTH
245 _aNdikimi i Arsimit në Konkurrueshmerinë Ekonomike-Rasti i Kosovës
_cHoxha,A
942 _2udc
_cBK